Welcome to the Holygrace Academy Library

Please use search bar below to get started

PARAGRAPH TO ESSAY WRITING (Record no. 3729)

MARC details
000 -LEADER
fixed length control field 00306nam a22001337a 4500
020 ## - INTERNATIONAL STANDARD BOOK NUMBER
ISBN 81-207-2481-X
082 ## - DEWEY DECIMAL CLASSIFICATION NUMBER
Classification number 825
Item number SAR/P
100 ## - MAIN ENTRY--AUTHOR NAME
Personal name SARADA, M
245 ## - TITLE STATEMENT
Title PARAGRAPH TO ESSAY WRITING
260 ## - PUBLICATION, DISTRIBUTION, ETC. (IMPRINT)
Place of publication NEW DELHI
Name of publisher STERLING PAPERBACKS
300 ## - PHYSICAL DESCRIPTION
Number of Pages 144
650 ## - SUBJECT ADDED ENTRY--TOPICAL TERM
Topical Term ESSAY WRITING
Geographic subdivision NEW DELHI
942 ## - ADDED ENTRY ELEMENTS (KOHA)
Koha item type Books
Holdings
Withdrawn status Lost status Collection code Home library Current library Shelving location Date acquired Source of acquisition Cost, normal purchase price Full call number Accession Number Koha item type
    Reference Main Library Main Library SHELF-16B -ENGLISH SPEECHES,ESSAYS,QUOTES 02/10/2006 PURCHASE 90.00 825 SAR/P 00810 Books